| 000 | 01308nam a2200217 4500 | ||
|---|---|---|---|
| 001 | 000000353 | ||
| 005 | 20200929145329.0 | ||
| 008 | 090122s20uu xxua 001 0 spa d | ||
| 040 |
_aDO-SdBNP _bspa _cBNPHU |
||
| 082 |
_a241.672 _bR457m |
||
| 100 | 1 |
_aReyes, Porfirio, _cRev. _91191 |
|
| 245 | 1 | 3 |
_aEl mal de la lengua / _cPorfirio Reyes ; prólogo Adolfo Carrión. |
| 300 |
_a79 p. : _bil. ; _c19 cm. |
||
| 505 | 2 |
_tDedicatoria -- _tAgradecimiento -- _tPrólogo -- _tIntroducción -- _gCapítulo 1. _tOrigen y propósito de la lengua -- _gCapítulo 2. _tDesviaciones de la lengua -- _gCapítulo 3. _tLos chismes -- _gCapítulo 4. _tNecesidad de chismear -- _gCapítulo 5. _tLa gran industria de la chismografía -- _gCapítulo 6. _tLos chismes como arma de Satanás -- _gCapítulo 7. _tConsecuencias y víctimas del mal de la lengua -- _gCapítulo 8. _tIdentificando a quienes tienen la lengua larga -- _gCapítulo 9. _tEfectividad vacuna anti-lengua -- _gCapítulo 10. _tAjustando nuestra ética cristiana -- _gCapítulo 11. _tComprometidos con el evangelio -- _tApéndice. _tClasificación bíblica sobre el tema. |
|
| 590 | _aInventariado, 2018/BT | ||
| 650 | 4 |
_aÉtica cristiana _9389 |
|
| 650 | 4 |
_aDifamación _91192 |
|
| 650 | 4 |
_aMitomanía _91193 |
|
| 650 | 4 |
_aVerdad y mentira _91194 |
|
| 700 | 1 |
_aCarrión, Adolfo, _epról. _91195 |
|
| 999 |
_c352 _d352 |
||